[Event "Alternates Cup"]
[Site "?"]
[Date "1973.02.03"]
[Round "1"]
[White "Karch, R."]
[Black "Bailey, B."]
[Result "1-0"]
[WhiteElo "1992"]
[BlackElo "2063"]
[Annotator "Stockfish 13 (15s)"]
[PlyCount "147"]
[EventDate "1973.??.??"]

{D13: Slav Defence: Exchange variation without ...Bf5} 1. d4 d5 2. c4 e6 3. Nf3
Nf6 4. g3 c6 5. cxd5 cxd5 6. Bg2 Nc6 7. O-O Be7 8. Nc3 O-O 9. b3 Bd7 (9... b6
10. Bb2 Ba6 11. Re1 Rc8 12. e3 Bb4 13. a3 Bxc3 14. Bxc3 Ne4 15. Bb2 Na5 16. Bf1
Bxf1 17. Rxf1 f6 18. Qd3 Rf7 19. Rfc1 Rfc7 20. Rxc7 Rxc7 21. Ne1 Qc8 22. Kg2 f5
23. f3 Nf6 24. Rd1 {
Reefschlaeger,H (2350)-Bischoff,K (2520) Germany 1996 0-1 (44)}) 10. Bb2 Rc8
11. Ne5 $146 (11. e3 Qa5 (11... a6 12. Qe2 Qb6 13. Rfc1 Na7 14. Ne5 Rfd8 15. h4
Be8 16. g4 Nd7 17. Nf3 Nf8 18. Bh3 Nb5 19. Na4 Qa7 20. Kg2 Ba3 21. Bxa3 Nxa3
22. Nc3 Nb5 23. Qd2 Nd6 24. Rc2 b5 25. Rac1 Qe7 26. g5 {
Concha Munoz,C (1897)-Acosta,R Santiago 2004 1-0 (39)}) 12. a3 b5 13. b4 Qb6
14. Qd3 a6 15. e4 dxe4 16. Nxe4 Nxe4 17. Qxe4 Bf6 18. Ne5 Rfd8 19. Rac1 Nb8 20.
Qb7 Qxb7 21. Bxb7 Rxc1 22. Rxc1 Be8 23. f4 h5 24. Kf2 g5 25. Ke3 gxf4+ {
Andujar,M-Espinoza,C Siegen 1970 1/2-1/2}) 11... Qb6 12. e4 dxe4 (12... Nxd4 $4
13. Nxd7 Nxd7 14. Na4 $18) 13. Nxe4 (13. Nxd7 Nxd7 14. d5 Nb4 15. dxe6 Qxe6 $11
) 13... Rfd8 14. Nc4 Qc7 15. Rc1 Qb8 16. Nxf6+ (16. Ne3 Nxe4 17. Bxe4 Bf6 $11)
16... Bxf6 $15 17. Nd6 $4 (17. d5 $142 Bxb2 18. Nxb2 $15) 17... Qxd6 $19 18.
Qf3 (18. d5 exd5 19. Bxf6 Qxf6 20. Qxd5 h6 $19) 18... Na5 (18... Nxd4 19. Bxd4
Bxd4 20. Rxc8 Bxc8 21. Re1 $19) 19. Rc5 (19. Rxc8 Bxc8 20. Qf4 Qxf4 21. gxf4
Nc6 $19) 19... Rxc5 (19... Nc6 $142 20. Rc4 $19) 20. dxc5 Qe7 21. Bxf6 Qxf6 22.
b4 (22. Qxf6 gxf6 23. Rd1 Nc6 $19) 22... Nc6 (22... Qxf3 $5 23. Bxf3 Bc6 24.
Rd1 Rxd1+ 25. Bxd1 $19) 23. Qxf6 gxf6 24. b5 (24. Rd1 Be8 25. Rxd8 Nxd8 26. f4
$19) 24... Na5 (24... Nd4 $142 25. a4 Rc8 $19) 25. Rd1 $17 Kf8 26. c6 Ke7 (
26... bxc6 $143 27. bxc6 Nxc6 28. Bxc6 $11) 27. cxd7 Rxd7 28. Rc1 Kd8 29. Rc3
b6 30. g4 Rd4 31. Rh3 Nc4 32. Rxh7 Rd1+ 33. Bf1 Nd2 34. Rxf7 Rxf1+ 35. Kg2 Rb1
(35... Re1 $142 $5 36. h3 Re4 37. Rxa7 Rd4 $17) 36. h4 $15 Rxb5 (36... Ne4 $142
37. Rxa7 Rb2 $15) 37. Rxf6 $4 (37. h5 $142 Ke8 38. Rxf6 $11) 37... Ke7 $19 38.
Rf4 $2 (38. Rh6 Ra5 $19) 38... Re5 (38... a5 $5 39. Rd4 Rd5 40. Rf4 $19) 39.
Rd4 $2 (39. h5 $142 Ne4 40. h6 $19) 39... Rd5 40. Rf4 b5 41. h5 Rg5 (41... Nc4
$142 42. h6 Ne5 $19) 42. Kh3 e5 (42... Rd5 $142 43. h6 Nc4 $19) 43. h6 $11 Rg8
(43... exf4 44. h7 Nf3 45. h8=Q Ng1+ 46. Kh2 Nf3+ 47. Kg2 $18) 44. Rf5 Ke6 45.
Rg5 Rh8 46. Rg6+ Kf7 47. Rg7+ Kf6 48. g5+ Kf5 49. Kh4 Ne4 50. f3 Nd2 $4 (50...
Nxg5 $142 51. Rxg5+ Kf4 $11) 51. Kh5 $18 Rc8 52. h7 Rc1 (52... e4 53. Rg8 Rc1
54. Rf8+ Ke6 55. fxe4 Rh1+ 56. Kg6 $18) 53. Rf7+ Ke6 54. Rf6+ Ke7 (54... Kd5
55. Rh6 Nxf3 $18) 55. Rh6 Rc8 56. g6 Nxf3 57. g7 Rc4 58. Re6+ $3 Kxe6 59. g8=Q+
Ke7 60. Qg7+ (60. Qg3 Rh4+ 61. Qxh4+ Nxh4 62. Kxh4 e4 63. h8=Q e3 64. Qe5+ Kd7
65. Kg5 e2 66. Qxb5+ Kc7 67. Qxe2 Kb6 68. a4 a5 69. Qb5+ Ka7 70. Qxa5+ Kb7 71.
Qc5 Ka6 72. a5 Kb7 73. a6+ Kxa6 74. Kf4 Kb7 75. Qb5+ Kc8 76. Ke5 Kc7 77. Ke6
Kc8 78. Kd6 Kd8 79. Qd7#) 60... Ke6 61. Qg6+ (61. Qg3 Rh4+ 62. Qxh4 Nxh4 63.
Kxh4 Kf6 64. h8=Q+ Kf5 65. Qf8+ Ke4 66. Kg5 b4 67. Qxb4+ Kd5 68. a4 Ke6 69. a5
a6 70. Qb7 e4 71. Qxa6+ Kd5 72. Qb5+ Kd4 73. a6 e3 74. a7 e2 75. a8=Q e1=Q 76.
Qad5+ Ke3 77. Qe8+ Kf2 78. Qxe1+ Kxe1 79. Qa2 Kf1 80. Kf4 Ke1 81. Ke3 Kd1 82.
Qb1#) 61... Ke7 62. Qg7+ (62. Qg3 Rh4+ 63. Qxh4+ Nxh4 64. Kxh4 Kf6 65. h8=Q+
Kf5 66. Qf8+ Ke4 67. Kg4 a5 68. Qa8+ Kd3 69. Kf5 Kd4 70. Qa7+ Kc3 71. Kxe5 Kb4
72. a3+ Ka4 73. Qe3 b4 74. axb4 axb4 75. Kd5 Ka5 76. Kc5 Ka4 77. Kb6 b3 78. Qc5
b2 79. Qc2+ Ka3 80. Kc5 Ka2 81. Kb4 Ka1 82. Ka3 b1=N+ 83. Kb3 Nd2+ 84. Qxd2 Kb1
85. Qe1#) 62... Ke6 63. Qg4+ (63. Qg3 Rf4 64. h8=Q Rh4+ 65. Qxh4 Nxh4 66. Kxh4
Kf5 67. Qf8+ Ke4 68. Kg4 a5 69. Qa8+ Kd3 70. Qxa5 b4 71. Qxb4 Ke3 72. a4 Kd3
73. a5 e4 74. a6 e3 75. a7 Kc2 76. a8=Q e2 77. Qae4+ Kc1 78. Qeb1#) 63... Rxg4
$18 64. Kxg4 Nd4 65. h8=Q Kd5 66. Qa8+ Nc6 67. Qb7 b4 (67... Kc5 68. Kf3 Nd4+
69. Ke4 Nc6 70. Qd7 a5 71. Qd5+ Kb6 72. Qd6 Kb7 73. Qd7+ Kb6 74. Kd5 Nb8 75.
Qd8+ Kb7 76. Qxa5 b4 77. Kd6 Na6 78. Qb5+ Ka7 79. Kd7 b3 80. Kc8 Nc5 81. Qxc5+
Ka6 82. a4 b2 83. Qb5+ Ka7 84. a5 b1=Q 85. Qxb1 Ka6 86. Qb6#) 68. Qb5+ (68. Kf5
Kd6 69. Ke4 a5 70. Qb5 a4 71. Qxa4 Kc5 72. Qd1 Nd4 73. Kxe5 Nc6+ 74. Ke4 Kb6
75. a3 bxa3 76. Qb3+ Ka6 77. Qxa3+ Kb5 78. Qc3 Nb4 79. Ke5 Nc6+ 80. Kd6 Na5 81.
Kd5 Ka4 82. Qb2 Nb3 83. Kc4 Na5+ 84. Kc3 Nc6 85. Qb6 Ka3 86. Qxc6 Ka2 87. Qb5
Ka1 88. Qb2#) 68... Kd6 69. Kg3 Kc7 70. Kf2 Kd7 (70... b3 71. Qxb3 Nb8 72. Qc3+
Kd6 73. Qb4+ Kc7 74. Qc5+ Nc6 75. Ke3 Kd7 76. Ke4 Ne7 77. Qxa7+ Kd6 78. a3 Nc6
79. Qb6 Kd7 80. a4 Nd8 81. a5 Kc8 82. a6 Kd7 83. a7 Nf7 84. a8=Q Ke7 85. Qad8+
Nxd8 86. Kxe5 Nf7+ 87. Kd5 Kf8 88. Ke6 Ng5+ 89. Ke5 Nf7+ 90. Kf6 Ke8 91. Qc7
Kf8 92. Qxf7#) 71. Ke3 Kc7 (71... Kd6 72. Ke4 Ne7 73. Qxb4+ Kd7 74. Qa4+ Ke6
75. Qa6+ Kf7 76. Qxa7 Kf6 77. a3 Nc6 78. Qb6 Ke7 79. Qxc6 Kd8 80. a4 Ke7 81. a5
Kf7 82. Kxe5 Kg7 83. a6 Kf7 84. a7 Kg7 85. a8=Q Kh7 86. Qg6+ Kxg6 87. Qg8+ Kh5
88. Kf5 Kh4 89. Qg4#) 72. Ke4 Kd6 73. Kd3 (73. Qd5+ Kc7 74. Qe6 b3 75. axb3 a6
76. Kd5 Nb4+ 77. Kc4 Nc6 78. Kc5 Nb8 79. Qxe5+ Kb7 80. Qxb8+ Kxb8 81. Kb6 a5
82. Kxa5 Kb7 83. Kb5 Kb8 84. Kc6 Kc8 85. b4 Kb8 86. b5 Ka7 87. Kc7 Ka8 88. Kb6
Kb8 89. Ka6 Ka8 90. b6 Kb8 91. b7 Kc7 92. Ka7 Kc6 93. b8=Q Kd5 94. Qf4 Kc5 95.
Qe4 Kb5 96. Qd4 Kc6 97. Ka6 Kc7 98. Qd5 Kc8 99. Kb6 Kb8 100. Qg8#) 73... Kc7
74. Kc4 (74. Kc4 Kd6 75. Qd5+ Kc7 76. Kc5 Nd8 77. Qxe5+ Kd7 78. Kd5 b3 79. axb3
Nf7 80. Qe6+ Kc7 81. Qxf7+ Kb6 82. b4 a6 83. b5 axb5 84. Qe8 Ka6 85. Kc5 Kb7
86. Kxb5 Kc7 87. Qe7+ Kb8 88. Kb6 Ka8 89. Qf8#) 1-0

[Event "Alternates Cup"]
[Site "?"]
[Date "1973.02.03"]
[Round "2"]
[White "Stefurak, D."]
[Black "Bailey, B."]
[Result "1/2-1/2"]
[WhiteElo "1922"]
[BlackElo "2063"]
[Annotator "Stockfish 13 (15s)"]
[PlyCount "76"]
[EventDate "1973.??.??"]

{C95: Closed Ruy Lopez: Breyer Variation with 10 d4} 1. e4 e5 2. Nf3 Nc6 3. Bb5
a6 4. Ba4 Nf6 5. O-O Be7 6. Re1 b5 7. Bb3 d6 8. c3 O-O 9. h3 Nb8 10. d4 Nbd7
11. a4 Bb7 12. Nbd2 c5 13. d5 c4 14. Bc2 Nc5 15. axb5 axb5 16. Rxa8 Qxa8 17.
Nf1 Qa2 (17... Re8 18. Ng3 g6 19. Nh2 Bf8 20. Ng4 Bg7 21. Qf3 Nxg4 22. hxg4 Qa2
23. Ne2 Rf8 24. Ng3 Bc8 25. Qe2 Bd7 26. Bg5 f6 27. Bb1 Qa4 28. Be3 Rb8 29. Bxc5
dxc5 30. Qe3 Qa7 31. g5 b4 32. gxf6 {
Vasilyev,M (2342)-Makarov,P (2147) Odessa 2005 1-0 (59)}) 18. Ng3 g6 $146 (
18... Bc8 19. Be3 Qxb2 20. Bxc5 dxc5 21. Qd2 b4 22. Nxe5 b3 23. Nc6 Bd8 24. e5
Qxc2 25. Qxc2 bxc2 26. exf6 Bxf6 27. Ne4 Bb7 28. Nxf6+ gxf6 29. Rc1 Bxc6 30.
dxc6 Rc8 31. Rxc2 Rxc6 32. Ra2 Re6 33. Ra4 {
Cuijpers,F (2420)-Van der Sterren,P (2470) Hilversum 1988 1/2-1/2 (49)}) 19.
Qd2 (19. Bh6 $142 Ra8 20. Qd2 $15) 19... Nb3 (19... Ra8 $142 $5 $15) 20. Bxb3
$11 Qxb3 (20... cxb3 21. Kh2 $14) 21. Nh4 (21. Qh6 $142 Re8 22. Qh4 $16) 21...
Nxd5 $4 (21... Bc8 22. Kh2 Ne8 23. Nf3 $14) 22. Nxg6 (22. Nhf5 $142 gxf5 23.
Nxf5 $18 (23. exd5 $6 Bc8 $11)) 22... hxg6 $11 23. exd5 Qa4 (23... Qa2 24. h4
Qb1 25. Ne4 $11) 24. f4 (24. h4 $5 b4 25. h5 $14) 24... Bh4 $11 25. Kh2 Re8 $4
(25... f5 26. Qf2 (26. fxe5 $143 f4 27. Ne4 dxe5 $19) 26... g5 27. Qf3 $11 (27.
fxg5 $4 f4 28. Kh1 Bxg3 $19) (27. fxe5 f4 28. Qe2 Bxg3+ 29. Kh1 Bxd5 $19 (29...
Bxe1 $6 30. Qh5 $11))) 26. fxe5 (26. f5 $142 Bxg3+ 27. Kxg3 $18) 26... Rxe5 $11
(26... dxe5 $2 27. Ne4 Bd8 28. Nd6 $18) 27. Rxe5 dxe5 28. Qh6 Bxg3+ 29. Kxg3
Bxd5 30. Qg5 Qd1 31. Qxe5 Qxc1 32. Qxd5 Qxb2 33. Qd8+ Kg7 34. Qd4+ f6 35. Qd7+
Kh6 36. Qd4 b4 37. Qf4+ Kg7 38. Qc7+ Kh6 1/2-1/2

[Event "Alternates Cup"]
[Site "?"]
[Date "1973.02.04"]
[Round "3"]
[White "Bailey, B."]
[Black "Matich, C."]
[Result "0-1"]
[WhiteElo "2063"]
[BlackElo "2020"]
[Annotator "Stockfish 13 (15s)"]
[PlyCount "50"]
[EventDate "1973.??.??"]

{B98: Sicilian Najdorf: 6 Bg5 e6 7 f4 Be7, sidelines} 1. e4 c5 2. Nf3 d6 3. d4
cxd4 4. Nxd4 Nf6 5. Nc3 a6 6. Bg5 e6 7. f4 Be7 8. Bd3 O-O (8... h6 9. Bxf6 Bxf6
10. Nf3 Qb6 11. e5 Qe3+ 12. Qe2 Qxe2+ 13. Kxe2 Be7 14. Ne4 dxe5 15. Nxe5 Nd7
16. Rad1 Nxe5 17. fxe5 Bd7 18. c4 O-O 19. Nd6 Bc6 20. Rhg1 f6 21. c5 fxe5 22.
Bc4 Rf6 23. Rgf1 {Tseitlin,M (2465)-Bangiev,A (2390) Budapest 1990 0-1 (44)})
9. e5 $146 (9. Qf3 Nbd7 10. O-O-O Qc7 11. Qh3 (11. Rhe1 Rb8 12. Kb1 Qc5 13. Nb3
Qc6 14. Qh3 e5 15. f5 Re8 16. Re3 d5 17. Nxd5 Nxd5 18. exd5 Qxd5 19. Bxe7 Rxe7
20. Qh4 Re8 21. f6 g6 22. g4 Qd6 23. g5 Qf8 24. Be2 Nb6 25. Bg4 Bxg4 {
Fuchs,J (2007)-Billing,T (1644) Willingen 2006 1-0 (69)}) 11... Nc5 12. g4 b5
13. a3 Bb7 14. Qf3 Rab8 15. Nde2 Ba8 16. Bxf6 Bxf6 17. g5 Bxc3 18. Nxc3 b4 19.
axb4 Rxb4 20. Na2 Nxd3+ 21. Rxd3 Bxe4 22. Rc3 Qb7 {
0-1 (22) Ssegirinya,J (2035)-Nguyen Anh Dung (2484) Shenyang 1999}) (9. Qe2 Nc6
10. Nxc6 bxc6 11. O-O-O d5 12. exd5 cxd5 13. Rhe1 Rb8 14. f5 Qa5 15. Qe5 Nd7
16. Qxb8 Bxg5+ {0-1 (16) Platek,A (1600)-Lenda,L (1600) Krakow 2005}) (9. Qf3
e5 10. Nf5 Bxf5 11. exf5 Nbd7 $11) 9... dxe5 10. fxe5 Nd5 11. Bxe7 Qxe7 (11...
Nxe7 $143 12. Qg4 Qa5 13. O-O-O Qxe5 14. Bxh7+ Kxh7 15. Qh4+ Kg6 16. Qxe7 Qg5+
17. Qxg5+ Kxg5 18. Nf3+ Kf6 19. Rhf1 $16) 12. O-O g6 (12... Nxc3 13. bxc3 b5
14. Qh5 $11) 13. Ne4 Ne3 $2 (13... Nd7 $142 $5 14. Qe2 Nxe5 $14) 14. Qf3 (14.
Qe1 Nxf1 15. Nf6+ Kg7 $18) 14... Nxf1 15. Nf6+ (15. Rxf1 $6 Nd7 16. Qf4 f5 17.
exf6 Nxf6 18. Nxf6+ Kg7 19. Nh5+ gxh5 20. Qg3+ Kh8 21. Qe5+ Kg8 22. Rxf8+ Qxf8
23. Qxh5 h6 $11) (15. Qxf1 $2 Nd7 16. Re1 f5 17. exf6 Nxf6 $19) 15... Kg7 16.
Rxf1 (16. Qxf1 Nd7 17. Re1 Nxf6 18. exf6+ Qxf6 19. Qxf6+ Kxf6 $19) 16... Nd7 $2
(16... Nc6 $142 17. Nxc6 bxc6 $18) 17. Qf4 (17. Qe3 $142 $18) 17... Qc5 $11 18.
Ng4 b5 $4 (18... f5 $142 19. exf6+ Nxf6 20. Qh6+ Kg8 21. Nxf6+ Rxf6 22. Rxf6
Qxd4+ 23. Rf2 Bd7 $11) 19. Rf3 (19. b4 $142 Qa7 20. Qh6+ Kg8 21. c3 $18) 19...
f5 20. exf6+ Kh8 (20... Nxf6 21. Nxf6 e5 22. Ne8+ Kg8 23. Nf6+ Kg7 24. Ne8+ Kg8
25. Qxf8+ Qxf8 26. Rxf8+ Kxf8 $18) 21. Bxg6 $1 e5 (21... hxg6 22. Qh6+ {
Mate attack}) 22. Qh6 Qxd4+ (22... Nxf6 23. Rxf6 Qxd4+ 24. Nf2 Qd1+ 25. Nxd1
Rf7 26. Rxf7 b4 27. Qxh7#) 23. Ne3 (23. Nf2 Nxf6 24. Qxf8+ Ng8 25. Rf7 Qd1+ 26.
Nxd1 b4 27. Rxh7#) 23... Nxf6 $18 24. Qxf8+ Ng8 25. Rh3 (25. Bd3 $142 e4 26.
Rg3 $18) 25... Bxh3 $19 (25... Bxh3 26. Qxa8 Qxe3+ 27. Kf1 Qf4+ 28. Ke1 Qh4+
29. Kf1 Qf4+ 30. Ke1 hxg6 31. gxh3 Qc1+ 32. Kf2 Qxc2+ 33. Kg3 Qd3+ 34. Qf3 Qd6
$19) 0-1

[Event "President's Open"]
[Site "?"]
[Date "1973.02.17"]
[Round "1"]
[White "Bailey, B."]
[Black "Karch, D."]
[Result "1-0"]
[WhiteElo "2086"]
[BlackElo "1551"]
[Annotator "Stockfish 14 (15s)"]
[PlyCount "27"]
[EventDate "1973.??.??"]

{C70: Ruy Lopez: 3...a6 4 Ba4, Norwegian and Delayed Schliemann} 1. e4 e5 2.
Nf3 Nc6 3. Bb5 a6 4. Ba4 b5 5. Bb3 Nf6 6. Ng5 d5 7. exd5 Nd4 (7... Nxd5 8. Qf3
Qxg5 9. Bxd5 {1-0 (9) Todorcevic,M (2476)-Sanchez Leon,L Sauzal 2004}) 8. c4 $4
$146 (8. Nc3 h6 9. Nge4 Nxe4 10. Nxe4 Nxb3 11. axb3 Qxd5 12. Qf3 Bb7 13. d3
O-O-O 14. O-O Qe6 15. Qe3 Qc6 16. Qh3+ Kb8 17. c4 b4 18. f4 f5 19. Nf2 Bc5 20.
Kh1 Rd6 21. fxe5 Rg6 22. Qf3 Qxf3 {
Ganhoto,M (2125)-De Freitas,C Sao Caetano do Sul 1999 0-1}) (8. d3 h6 9. Ne4
Nxd5 10. O-O Nxb3 11. axb3 Nf6 12. Nbc3 Nxe4 13. dxe4 Qxd1 14. Rxd1 Bb7 15. Be3
Bd6 16. f3 O-O 17. Rd3 Kh7 18. Rad1 g6 19. Nd5 Bxd5 20. Rxd5 f6 21. Kf2 Rf7 22.
Ke2 f5 {Bezmalinovic,D (2132)-Jambresic,J Sibenik 2005 1-0 (47)}) (8. d6 Qxd6 (
8... Nxb3 9. dxc7 Qd5 10. axb3 {
1-0 (10) Pereira de Andrade,R-Do Nascimento,D Brazil 2003}) 9. Bxf7+ Ke7 10.
Bb3 Qc6 11. O-O Bb7 12. f3 h6 13. Nh3 Ng4 14. c3 Nxb3 15. axb3 Rd8 16. Qe2 Nf6
17. Qxe5+ Kf7 18. d4 Re8 19. Qf5 g6 20. Qc2 g5 21. c4 Bb4 22. Na3 Bxa3 {
Richtscheid,J-Hubel,K Hassloch 1999 1/2-1/2 (38)}) (8. d3 Nxb3 9. axb3 Qxd5 10.
Qf3 $17) 8... Nxb3 (8... Nxd5 $142 $5 9. d3 Bb4+ 10. Kf1 $19) 9. Qxb3 $4 (9.
axb3 $142 Nxd5 10. Qh5 $11) 9... bxc4 $19 10. Qxc4 (10. Qa4+ Bd7 11. Qxc4 $19)
10... Nxd5 (10... Qxd5 $142 11. d3 Qxg2 12. Qxf7+ Kd8 $19) 11. Qc6+ $18 Qd7 12.
Qxa8 Bc5 (12... Nb4 13. O-O Nc2 $18) 13. Nc3 O-O (13... c6 14. O-O O-O $18) 14.
Qxd5 (14. Qxd5 Qxd5 15. Nxd5 $18) 1-0

[Event "President's Open"]
[Site "?"]
[Date "1973.02.17"]
[Round "2"]
[White "Seirawan, Y."]
[Black "Bailey, B."]
[Result "0-1"]
[WhiteElo "1746"]
[BlackElo "2086"]
[Annotator "Stockfish 14 (15s)"]
[PlyCount "80"]
[EventDate "1973.??.??"]

{C50: Hungarian Defence and Giuoco Pianissimo} 1. e4 e5 2. Nf3 Nc6 3. Bc4 Nf6
4. d3 Bc5 5. Bg5 d6 6. Nc3 h6 7. Be3 b6 $146 (7... Bxe3 8. fxe3 Na5 9. Bb3 Nxb3
10. axb3 O-O 11. O-O Nh7 12. Qe1 f5 13. exf5 Bxf5 14. Qh4 (14. Nh4 Be6 15. Qg3
Rxf1+ 16. Rxf1 Qd7 17. e4 Rf8 18. Rxf8+ Nxf8 19. Qf2 Qd8 20. Nf3 a6 21. d4 Ng6
22. dxe5 Nxe5 23. Nxe5 dxe5 24. Qe3 Qd6 25. Kf2 b6 26. Ke1 Kf7 27. Ne2 Bg4 28.
Nc3 Be6 {Maroczy,G-Schlechter,C Vienna 1899 1/2-1/2}) 14... a6 15. Qc4+ Kh8 16.
Qb4 Rb8 17. Rf2 Ng5 18. Nxg5 Qxg5 19. Raf1 Rf7 20. Nd1 Qg6 21. e4 Bh3 22. Qd2 {
Charousek,R-Schlechter,C Cologne 1898 1/2-1/2 (33)}) (7... Bb4 8. Qd2 (8. O-O
Bxc3 9. bxc3 O-O 10. h3 d5 11. exd5 Nxd5 12. Bd2 Qd6 13. Re1 Bd7 14. Rb1 Nb6
15. Bb5 Rfe8 16. c4 a6 17. Bxc6 Bxc6 18. Bc3 Nd7 19. Re3 f5 20. Nd2 Re6 21. Qh5
Rg6 22. f3 Rg5 {Schlechter,C-Lasker,E Paris 1900 0-1 (49)}) 8... Bg4 9. a3 Ba5
10. b4 Bb6 11. Ng1 Be6 12. Bb5 O-O 13. Nge2 d5 14. exd5 Nxd5 15. Nxd5 Qxd5 16.
Bc4 Qxg2 17. Rg1 Bxe3 18. Qxe3 Qxh2 19. O-O-O Qh4 20. Bxe6 fxe6 21. b5 Nd4 22.
Qxe5 {Schlindwein,R (2345)-Neunhoeffer,H (2295) Germany 1993 0-1 (38)}) (7...
Nd4 8. h3 Bd7 9. O-O Nh5 10. Bxd4 exd4 11. Nxd4 Qg5 12. Nf3 Qg6 13. Nh4 Qg5 14.
Nf5 g6 15. d4 Nf4 16. Ng3 Bb6 17. Nd5 Nxd5 18. Bxd5 c6 19. Bc4 h5 20. Qd3 Qf6
21. c3 O-O-O 22. f3 {Hoelzl,S-Lins,P Austria 1995 1/2-1/2}) (7... Bxe3 8. fxe3
Na5 9. Bb3 $15) 8. Bxc5 bxc5 (8... dxc5 $2 9. Bb5 Bd7 10. Bxc6 Bxc6 11. Nxe5
$18) 9. h3 (9. Bb5 Bd7 $11) 9... Bb7 (9... O-O $5 $17) 10. O-O Nd4 11. Nxd4
cxd4 12. Ne2 O-O (12... d5 $5 13. exd5 Nxd5 $11) 13. f4 $14 Qe7 14. Ng3 d5 $2 (
14... exf4 $142 $5 15. Rxf4 d5 $11) 15. exd5 (15. Nf5 Qe6 16. fxe5 Qxe5 17.
exd5 Rae8 $16) 15... exf4 $16 16. Rxf4 $4 (16. Nf5 $142 Qe5 17. g4 $16) 16...
Qe3+ $19 17. Rf2 Qxg3 18. Rf3 (18. Qf3 Qxf3 19. Rxf3 Nxd5 20. Bxd5 Bxd5 $19)
18... Qd6 19. Qd2 (19. Qe2 Rae8 20. Qf2 Bxd5 21. Bxd5 Qxd5 $19) 19... Bxd5 20.
Bxd5 (20. Rxf6 gxf6 21. Qxh6 Rfe8 22. Bxd5 Qxd5 $19) 20... Nxd5 21. c3 c5 22.
c4 (22. Qf2 Ne3 $19) 22... Ne3 23. b3 (23. a3 f5 $19) 23... a5 (23... f5 24.
Rc1 $19) 24. Rb1 (24. Re1 Rae8 $19) 24... Rfb8 (24... f5 $142 25. a3 $19) 25.
Rf2 (25. Rxe3 dxe3 26. Qxe3 Re8 $19) 25... a4 26. Qb2 axb3 27. axb3 Ra7 28. Qc1
Rab7 29. Rfb2 Qg3 30. Qd2 g5 31. Qf2 Qxf2+ 32. Kxf2 f5 33. Kf3 Kf7 34. g3 (34.
h4 gxh4 35. Rh1 Rxb3 $19) 34... h5 {Black prepares g4} 35. Kf2 Ke6 36. Ke2 Ke5
37. Kf3 g4+ 38. hxg4 hxg4+ 39. Ke2 Rh7 40. Ke1 Rbh8 (40... Rbh8 41. Re2 Rh1+
42. Kd2 Rxb1 43. Rxe3+ dxe3+ 44. Kc3 e2 45. d4+ Ke4 46. b4 e1=Q+ 47. Kc2 Rh2#)
0-1

[Event "President's Open"]
[Site "?"]
[Date "1973.02.18"]
[Round "3"]
[White "Bailey, B."]
[Black "Wesley, L."]
[Result "1/2-1/2"]
[WhiteElo "2086"]
[BlackElo "1870"]
[Annotator "Stockfish 14 (15s)"]
[PlyCount "87"]
[EventDate "1973.??.??"]

{B45: Sicilian Four Knights} 1. e4 c5 2. Nf3 Nc6 3. d4 cxd4 4. Nxd4 e6 5. a3
Nf6 6. Nc3 Be7 7. Bf4 $146 (7. Nxc6 bxc6 8. e5 Nd5 9. Ne4 Qc7 10. f4 f5 11. Nf2
Qb6 12. Qf3 a5 13. c4 Nc7 14. g4 Bb7 15. gxf5 exf5 16. Qd3 Bc5 17. Nd1 O-O 18.
Bh3 g6 19. Be3 Bxe3 20. Qxe3 c5 21. O-O d5 {
Lasker,E-Lipschuetz,S USA 1901 1/2-1/2 (48)}) (7. g3 d6 (7... O-O 8. Bg2 a6 9.
O-O Qc7 10. a4 (10. Be3 b5 11. Nb3 d6 12. Qe2 Bb7 13. Rad1 Ne5 14. Kh1 Nc4 15.
Bc1 Nxa3 16. bxa3 Qxc3 17. Rd3 Qc7 18. Bb2 Rac8 19. Rc1 Rfd8 20. Bc3 Rd7 21. f3
Ba8 22. Qd2 d5 23. Ba5 Qb8 24. Bb4 Ra7 {Cardoso,R-Soos,B Moscow 1956 0-1 (37)})
10... d6 11. Nce2 Bd7 12. Re1 b6 13. Nxc6 Bxc6 14. Nd4 Bb7 15. c3 Rac8 16. Qe2
Nd7 17. Be3 Nc5 18. Qc2 Rfd8 19. Rec1 Qb8 20. Nb3 Qa8 21. Nxc5 bxc5 22. c4 {
Isa,J (1770)-Stross,F (2095) Czechia 1998 1/2-1/2 (49)}) 8. Bg2 Bd7 9. Ndb5 Qb8
10. a4 a6 11. Na3 Qc7 12. O-O O-O 13. Be3 Na5 14. h3 Rfd8 15. Qd4 Rdc8 16. Rfd1
Be8 17. Qb6 Nd7 18. Qxc7 Rxc7 19. Ne2 Rac8 20. b3 g6 21. Bd2 Nc6 {
Marjanovic,S (2505)-Vukic,M (2485) Vrsac 1979 1-0 (44)}) (7. g4 d5 8. Bb5 Bd7
9. exd5 Nxd5 10. Nxd5 exd5 11. Nb3 O-O 12. Qxd5 Qc7 13. Be3 Bxg4 14. Bxc6 bxc6
15. Qg2 Bh5 16. Bd4 Bg6 17. O-O-O Rab8 18. Qg3 Bd6 19. Qf3 c5 20. Be3 Rfc8 21.
h4 c4 {Adams,W-Seidman,H Hollywood 1945 1-0 (38)}) (7. Be3 $142 $14) 7... Qb6
$4 (7... d6 $142 8. Nxc6 bxc6 $14) 8. Ndb5 $18 e5 $4 (8... O-O $142 9. Bc7 Qc5
$18) 9. Be3 Qd8 10. Nd6+ Bxd6 (10... Kf8 11. Bc4 Bxd6 12. Qxd6+ Qe7 13. Bc5
Qxd6 14. Bxd6+ Kg8 15. f4 exf4 16. Bxf4 $18) 11. Qxd6 Qe7 (11... a6 12. O-O-O
Qe7 13. Qxe7+ Nxe7 14. a4 $18) 12. Bc5 (12. Nb5 $142 $5 Kf8 13. Qxe7+ Kxe7 14.
Bc5+ Kd8 $18) 12... b6 (12... Qxd6 13. Bxd6 Kd8 14. O-O-O $18) 13. Qxe7+ Nxe7
14. Bd6 Bb7 15. Bxe5 (15. f3 $142 Nc6 16. O-O-O h5 $18) 15... Nxe4 16. Bxg7 (
16. Nb5 O-O 17. f3 Ng6 $18) 16... Rg8 17. Nxe4 Bxe4 18. Bf6 (18. Be5 $142 Rg5
19. Bc3 Bxc2 20. f3 $18) 18... Bxg2 $14 19. Rg1 Bxf1 20. Kxf1 Rxg1+ 21. Kxg1
Nd5 (21... Ng6 $5 $14) 22. Re1+ $16 Kf8 23. Bd4 (23. Be5 $142 $5 Rd8 24. Bd6+
Kg7 25. b3 $16) 23... Rc8 $11 24. c3 Rc6 25. Rd1 Ke7 26. Rd3 Nf4 27. Re3+ Re6
28. Kf1 Rxe3 29. fxe3 Nd3 30. c4 Ke6 31. Ke2 Ne5 32. b3 Nc6 33. Bc3 d5 34.
cxd5+ Kxd5 35. Kf3 Ke6 36. Kf4 f6 37. e4 Nb8 38. Kg4 Nd7 39. b4 b5 40. Kh5 Ne5
41. Kh6 Ng4+ 42. Kxh7 Nxh2 43. Kg6 {The isolani on f6 becomes a target} Ng4 44.
Bd4 1/2-1/2

[Event "President's Open"]
[Site "?"]
[Date "1973.02.18"]
[Round "4"]
[White "Carter, B."]
[Black "Bailey, B."]
[Result "1-0"]
[WhiteElo "1916"]
[BlackElo "2086"]
[Annotator "Stockfish 14 (15s)"]
[PlyCount "51"]
[EventDate "1973.??.??"]

{A17: English Opening: 1...Nf6 with ...Bb4} 1. c4 Nf6 2. Nc3 e6 3. Nf3 d5 4.
cxd5 exd5 5. g3 c6 6. Bg2 Bd6 7. O-O O-O 8. d3 h6 (8... Re8 9. Re1 Nbd7 10. e4
dxe4 11. dxe4 Qc7 12. b3 Bb4 13. Bb2 Bxc3 14. Bxc3 Rxe4 15. Rxe4 Nxe4 16. Be5
Nxe5 17. Nxe5 Nf6 18. Nc4 Be6 19. Ne3 Rd8 20. Qe2 h6 21. Rd1 Rxd1+ 22. Qxd1 Kf8
23. Qc2 {Le,D (1378)-Rausch,E (1642) Berlin 2006 0-1 (35)}) 9. Bd2 (9. a3 Re8
10. b4 Bg4 11. Qc2 Nbd7 12. Rb1 Rc8 13. Qa2 Ne5 14. Rd1 Qe7 15. Be3 Nfd7 16.
Re1 Qf6 17. Nd4 Nf8 18. Qd2 Ne6 19. Nxe6 Qxe6 20. Bd4 Qg6 21. Bxe5 Bxe5 22. d4
Bc7 23. Rbc1 Bb6 {Vasko,J-Novak,I (2305) Bratislava 1996 1/2-1/2 (79)}) 9...
Be6 $146 (9... Bf5 10. a3 Nbd7 11. Rc1 Nb6 12. Re1 Re8 13. Qb3 Rb8 14. Kh1 Be6
15. Nd4 Kh8 16. Kg1 c5 17. Nxe6 fxe6 18. Qc2 Rc8 19. Bh3 d4 20. Nd1 Rc7 21. f3
Nbd7 22. Qb3 e5 23. Nf2 b6 24. Rf1 {
Schmieja,P-Wrede,S Bergneustadt 1999 1/2-1/2}) (9... Bf5 10. Qc2 Nbd7 11. e4
$11) 10. Re1 (10. e4 $5 Nbd7 11. Qc2 $14) 10... Nbd7 $11 11. e4 dxe4 12. dxe4
Ne5 13. Nxe5 Bxe5 14. Qc2 Qc7 (14... Bd4 15. h3 Qb6 16. Be3 $11) 15. Nd1 (15.
h3 $142 Rad8 16. f4 Bd4+ 17. Kh2 $11) 15... Rad8 $15 16. Ne3 Qb6 17. Bc3 Bd4 (
17... Bxc3 18. Qxc3 Ng4 19. Nxg4 Bxg4 20. b3 $15) 18. Bxd4 (18. h3 $142 $5 $11)
18... Rxd4 $17 19. b3 Rfd8 20. Red1 Qb4 (20... Qa5 $142 $5 21. h3 Rd2 22. Rxd2
Rxd2 $17 (22... Qxd2 $143 23. Rd1 Qa5 24. Rxd8+ Qxd8 25. Qc3 $14)) 21. Rxd4 $15
Rxd4 22. Rd1 Rxd1+ 23. Qxd1 Nxe4 $4 (23... Qc3 $142 $15) 24. Qd8+ $18 Kh7 (
24... Qf8 25. Qxf8+ Kxf8 26. Bxe4 $18) 25. Nc2 Qd2 (25... Qc3 26. Bxe4+ g6 $18)
26. Bxe4+ (26. Bxe4+ g6 27. Qxd2 $18) 1-0